[Event "XXXVIII Festival A"]
[Site "Imperia ITA"]
[Date "1996.09.??"]
[Round "3"]
[White "Spinelli, Doriano"]
[Black "Nurkic, Sahbaz"]
[WhiteElo "2195"]
[BlackElo "2405"]
[Result "0-1"]
[PlyCount "54"]
[EventDate "1996.09.01"]

1. e4 g6 2. h4 h5 3. Bc4 c6 4. Nc3 Bg7 5. Nh3 e6 6. Ng5 d5 7. Bb3 Na6 8. d4 Ne7
9. Be3 Nc7 10. f3 c5 11. dxc5 d4 12. Ne2 Nc6 13. Bf4 Na6 14. Nc1 Nxc5 15. Nd3
Nxb3 16. axb3 e5 17. Bd2 f6 18. Nh3 Qe7 19. Qe2 Be6 20. Ra4 b6 21. Nb4 Nxb4 22.
Bxb4 Qc7 23. Kd1 Rc8 24. Ra1 a5 25. Ba3 d3 26. cxd3 Bxb3+ 27. Ke1 b5 0-1

[Event "XXXVIII Festival A"]
[Site "Imperia ITA"]
[Date "1996.09.??"]
[Round "3"]
[White "Tonon, Alessandro"]
[Black "Beeckmans, Felix"]
[WhiteElo "2105"]
[BlackElo "2175"]
[Result "1/2-1/2"]
[PlyCount "108"]
[EventDate "1996.09.01"]

1. d4 d6 2. Nf3 Bg4 3. e4 Nf6 4. Nc3 c6 5. Be2 e6 6. O-O Be7 7. h3 Bh5 8. Be3
d5 9. Bd3 dxe4 10. Nxe4 Nd5 11. Bd2 Nb4 12. Bxb4 Bxb4 13. Ng3 Bg6 14. c3 Bd6
15. Ne4 Bxe4 16. Bxe4 Nd7 17. Qb3 Qc7 18. Rfe1 Nf6 19. a4 a5 20. d5 cxd5 21.
Bxd5 O-O 22. Be4 Bc5 23. Rad1 Rad8 24. Qxb7 Qxb7 25. Bxb7 Rxd1 26. Rxd1 Rb8 27.
Bc6 Rxb2 28. Rd8+ Bf8 29. c4 Rc2 30. Ne5 g6 31. g4 Re2 32. Nd3 Kg7 33. Kf1 Rc2
34. Rd4 h6 35. Bb5 e5 36. Nxe5 Bc5 37. Rd8 Rxf2+ 38. Ke1 Rh2 39. Rd3 Ne4 40.
Kf1 Rf2+ 41. Ke1 Bb4+ 42. Kd1 Rg2 43. Rb3 Bd2 44. Nd3 Nc3+ 45. Rxc3 Bxc3 46. c5
Rd2+ 47. Kc1 Re2 48. c6 Re7 49. Nf4 Be5 50. Nd5 Ra7 51. Kd2 f6 52. Kd3 Kf7 53.
Kc4 Bh2 54. Kc5 Bg1+ 1/2-1/2

[Event "XXXVIII Festival A"]
[Site "Imperia ITA"]
[Date "1996.09.??"]
[Round "3"]
[White "Travaglini, Alberto"]
[Black "Lacrosse, Marc"]
[WhiteElo "2021"]
[BlackElo "2250"]
[Result "0-1"]
[PlyCount "68"]
[EventDate "1996.09.01"]

1. d4 d5 2. Nf3 Nf6 3. Bf4 c5 4. e3 Qb6 5. Nc3 a6 6. a3 Nc6 7. Be2 Bf5 8. Rb1
e6 9. O-O cxd4 10. exd4 Rc8 11. h3 Be7 12. Be3 h6 13. Bd3 Bxd3 14. Qxd3 Na5 15.
Ne5 O-O 16. f4 Nc4 17. Nxc4 Rxc4 18. Ne2 Ne4 19. f5 Rfc8 20. c3 exf5 21. Rxf5
Qg6 22. Rxd5 Nxc3 23. Qxg6 Nxe2+ 24. Kf2 fxg6 25. Kxe2 Rc2+ 26. Kd3 Rxg2 27.
Re1 Rxb2 28. Bc1 Rb3+ 29. Ke4 Rcc3 30. Rd7 Bh4 31. Rd1 Rxh3 32. d5 Bf6 33. d6
Rh4+ 34. Kd5 Rb5+ 0-1

[Event "XXXVIII Festival A"]
[Site "Imperia ITA"]
[Date "1996.09.??"]
[Round "3"]
[White "Viaggi, Giovanni"]
[Black "Mambrini, Augusto"]
[WhiteElo "2120"]
[BlackElo "2200"]
[Result "1-0"]
[PlyCount "93"]
[EventDate "1996.09.01"]

1. e4 e6 2. d4 d5 3. e5 c5 4. c3 Qb6 5. Nf3 Bd7 6. Be2 cxd4 7. Nxd4 Nc6 8. Nxc6
Bxc6 9. O-O Bb5 10. Nd2 Bxe2 11. Qxe2 Ne7 12. Nf3 Nc6 13. Be3 Bc5 14. Bxc5 Qxc5
15. Rfd1 O-O 16. h3 Rac8 17. a4 a6 18. Rd3 Qc4 19. Qd1 Qf4 20. Re3 Rfd8 21. g3
Qh6 22. Kg2 Rc7 23. a5 Rdc8 24. Ra4 g6 25. Nh2 Qg7 26. Ng4 Kh8 27. Qf3 Ne7 28.
Rb4 Nf5 29. Re1 Qf8 30. Nf6 Qe7 31. h4 Rc4 32. h5 g5 33. Rh1 Rxb4 34. cxb4 h6
35. Nxd5 Qd7 36. Ne3 Qc6 37. Qxc6 Rxc6 38. Nxf5 exf5 39. Rd1 Kg7 40. Rd7 Re6
41. f4 gxf4 42. gxf4 Rc6 43. Rxb7 Rc2+ 44. Kf3 Rxb2 45. e6 Rb3+ 46. Ke2 Kf8 47.
Rxf7+ 1-0

[Event "XXXVIII Festival A"]
[Site "Imperia ITA"]
[Date "1996.09.??"]
[Round "3"]
[White "Vujovic, Milorad"]
[Black "Kucera, Petr"]
[WhiteElo "2310"]
[BlackElo "2330"]
[Result "1-0"]
[PlyCount "57"]
[EventDate "1996.09.01"]

1. e4 Nf6 2. e5 Nd5 3. Bc4 e6 4. Nf3 Nb6 5. Bb3 d6 6. d4 Nc6 7. Qe2 Bd7 8. c3
a6 9. a4 Na5 10. Bc2 c5 11. exd6 cxd4 12. Nxd4 Nc6 13. Nf5 g6 14. Ne3 Bxd6 15.
a5 Nc8 16. Nc4 Bc7 17. O-O Nd6 18. Nba3 Nf5 19. Bxf5 gxf5 20. Qh5 Qf6 21. Rd1
Qg6 22. Qf3 Rg8 23. Be3 Nd4 24. cxd4 Bc6 25. d5 exd5 26. Nb6 Bxb6 27. Bxb6 d4
28. Qe2+ Be4 29. f3 1-0

[Event "XXXVIII Festival A"]
[Site "Imperia ITA"]
[Date "1996.09.??"]
[Round "3"]
[White "Welker, Michael"]
[Black "Micheli, Carlo"]
[WhiteElo "2085"]
[BlackElo "2305"]
[Result "0-1"]
[PlyCount "42"]
[EventDate "1996.09.01"]

1. c4 d6 2. d4 e5 3. Nf3 e4 4. Nfd2 f5 5. e3 Nf6 6. Nc3 g6 7. Be2 Bg7 8. O-O
O-O 9. Rb1 c5 10. b4 cxd4 11. exd4 Nc6 12. d5 Nd4 13. Nb3 Nxe2+ 14. Qxe2 Ng4
15. Nb5 f4 16. f3 exf3 17. Rxf3 Re8 18. Qxe8+ Qxe8 19. Bxf4 Bf5 20. Rbf1 Ne5
21. Re3 Qd7 0-1

[Event "XXXVIII Festival A"]
[Site "Imperia ITA"]
[Date "1996.09.??"]
[Round "3"]
[White "Wohl, Aleksandar H."]
[Black "Garano, Nicola"]
[WhiteElo "2400"]
[BlackElo "2125"]
[Result "1-0"]
[PlyCount "70"]
[EventDate "1996.09.01"]

1. e4 c5 2. Nf3 Nc6 3. Bb5 g6 4. O-O Bg7 5. Re1 Nf6 6. e5 Nd5 7. Nc3 Nc7 8.
Bxc6 dxc6 9. Ne4 Ne6 10. d3 O-O 11. Be3 b6 12. Qd2 Nd4 13. Nxd4 cxd4 14. Bh6
Re8 15. Bxg7 Kxg7 16. Ng3 Be6 17. Re4 h6 18. f4 Qd7 19. Rf1 c5 20. f5 Bxf5 21.
Nxf5+ gxf5 22. Rh4 Rh8 23. Rf3 Rag8 24. Rg3+ Kf8 25. Rxh6 Ke8 26. Qg5 Kd8 27.
Qh5 Qe8 28. Rxh8 Rxh8 29. Qxf5 Rg8 30. Qe4 Kc7 31. Rxg8 Qxg8 32. Qf4 Kd7 33.
Qf5+ Kc6 34. h4 Qg7 35. c4 Qh6 1-0

[Event "XXXVIII Festival A"]
[Site "Imperia ITA"]
[Date "1996.09.??"]
[Round "3"]
[White "Zedek, Alois"]
[Black "Bancod, Ronald"]
[WhiteElo "2275"]
[BlackElo "2400"]
[Result "0-1"]
[PlyCount "62"]
[EventDate "1996.09.01"]

1. d4 Nf6 2. c4 c5 3. Nf3 cxd4 4. Nxd4 e5 5. Nc2 d5 6. cxd5 Qxd5 7. Qxd5 Nxd5
8. e4 Nf6 9. Nc3 Be6 10. Be2 Bc5 11. Be3 Nbd7 12. O-O O-O 13. Rfd1 Rfc8 14. f3
a6 15. Kf2 h6 16. Rd2 Bf8 17. g4 Rc7 18. Nd5 Bxd5 19. exd5 Rac8 20. Bd1 Bd6 21.
Ne1 Bb4 22. Rd3 e4 23. fxe4 Nxe4+ 24. Ke2 Ndf6 25. Nf3 Bd6 26. h3 Re8 27. Nd4
Nc5 28. Nf5 Nxd3 29. Kxd3 Nxd5 30. Nxd6 Rxe3+ 31. Kd4 Re6 0-1

[Event "XXXVIII Festival A"]
[Site "Imperia ITA"]
[Date "1996.09.??"]
[Round "4"]
[White "Bancod, Ronald"]
[Black "Cech, Pavel"]
[WhiteElo "2400"]
[BlackElo "2325"]
[Result "1/2-1/2"]
[PlyCount "162"]
[EventDate "1996.09.01"]

1. e4 e6 2. d3 d5 3. Nd2 Nf6 4. Ngf3 Nc6 5. c3 Be7 6. Be2 O-O 7. O-O Re8 8. b4
a6 9. Bb2 e5 10. Re1 Bf8 11. Bf1 Bg4 12. h3 Bh5 13. a4 d4 14. Qb3 dxc3 15. Bxc3
b5 16. Qb2 Bxf3 17. Nxf3 Qd6 18. axb5 axb5 19. Rxa8 Rxa8 20. Nxe5 Nxe5 21. Bxe5
Qxb4 22. Qxb4 Bxb4 23. Rb1 c5 24. Bxf6 gxf6 25. d4 Bc3 26. dxc5 b4 27. c6 Kf8
28. Bc4 Ke7 29. Rd1 Ra1 30. Rxa1 Bxa1 31. Bxf7 Kd6 32. Bd5 b3 33. Bxb3 Kxc6 34.
f4 Bd4+ 35. Kf1 Kd6 36. Ke2 Ke7 37. Bg8 h6 38. Kf3 Kf8 39. Be6 Kg7 40. Bd7 Bc5
41. Kg4 Bf2 42. Be8 Be1 43. Bh5 Bf2 44. Kf5 Bg3 45. Bd1 Kf7 46. Be2 Kg7 47. Bh5
Bf2 48. Ke6 Bg3 49. e5 fxe5 50. f5 Bh4 51. Bf3 Bd8 52. g3 e4 53. Bxe4 Bf6 54.
Bf3 Bb2 55. Bh5 Ba1 56. Bg6 Bb2 57. Be8 Bc3 58. Bb5 Bb2 59. Bd3 Bc3 60. Bc2 Bb2
61. Bb1 Bc3 62. Be4 Bb2 63. Bf3 Bc3 64. Bg2 Bb2 65. Bc6 Bc3 66. Bd7 Bb2 67. Ke7
Ba3+ 68. Ke6 Bb2 69. Bc8 Bc3 70. Ke7 Bb4+ 71. Ke6 Bc3 72. Ba6 Bb2 73. Ke7 Ba3+
74. Ke6 Bb2 75. Bf1 Bc3 76. Ke7 Bb4+ 77. Ke6 Bc3 78. h4 Bb2 79. Bh3 Bc3 80. Bg2
Ba1 81. Bh3 Bb2 1/2-1/2

[Event "XXXVIII Festival A"]
[Site "Imperia ITA"]
[Date "1996.09.??"]
[Round "4"]
[White "Barlocco, Carlo"]
[Black "Faraci, Antonino"]
[WhiteElo "2195"]
[BlackElo "2015"]
[Result "0-1"]
[PlyCount "94"]
[EventDate "1996.09.01"]

1. Nf3 c5 2. g3 Nf6 3. Bg2 d6 4. d4 Nbd7 5. O-O g6 6. c4 Bg7 7. Nc3 O-O 8. e4
cxd4 9. Nxd4 Qc7 10. Be3 Ne5 11. b3 Neg4 12. Bc1 a6 13. h3 Ne5 14. Be3 Bd7 15.
Rc1 Qa5 16. Qd2 Rfe8 17. Kh2 Nc6 18. f4 Qh5 19. Nxc6 bxc6 20. Bg1 Rad8 21. Rfe1
e5 22. Bb6 Rb8 23. Bc7 exf4 24. Qxf4 Ng4+ 25. Kh1 Be5 26. Qf3 Rb7 27. Ba5 Bd4
28. Rf1 Qxa5 29. hxg4 Bxg4 30. Qxg4 Bxc3 31. e5 d5 32. cxd5 cxd5 33. Rfd1 Bxe5
34. Rxd5 Qb4 35. Qe2 Rbe7 36. Rc4 Qb8 37. Re4 Qc7 38. Qxa6 Kg7 39. g4 f6 40.
Qe2 Qc1+ 41. Qe1 Qh6+ 42. Kg1 Bh2+ 43. Kf1 Qf4+ 44. Rxf4 Rxe1+ 45. Kf2 Bxf4 46.
b4 R1e2+ 47. Kf3 g5 0-1

[Event "XXXVIII Festival A"]
[Site "Imperia ITA"]
[Date "1996.09.??"]
[Round "4"]
[White "Beil, Zdenek"]
[Black "Murgia, Andrea"]
[WhiteElo "2325"]
[BlackElo "2175"]
[Result "0-1"]
[PlyCount "86"]
[EventDate "1996.09.01"]

1. d4 d5 2. c4 c6 3. Nf3 Nf6 4. cxd5 cxd5 5. Nc3 Nc6 6. Ne5 e6 7. Nxc6 bxc6 8.
g3 Be7 9. Bg2 O-O 10. O-O c5 11. dxc5 Bxc5 12. Na4 Be7 13. Be3 Bd7 14. Nc5 Qa5
15. Qe1 Qxe1 16. Rfxe1 Rfc8 17. Nxd7 Nxd7 18. Rac1 Nb6 19. Bd4 Rxc1 20. Rxc1
Rc8 21. Rd1 f5 22. f3 Bf6 23. Bxf6 gxf6 24. e4 Rc2 25. exf5 e5 26. Bf1 Rxb2 27.
a4 h5 28. Bb5 Rc2 29. Rb1 Rc5 30. Be8 Nc4 31. Rb8 Nd6 32. Bd7+ Kg7 33. Be6 d4
34. Rd8 Rc6 35. Rd7+ Kh6 36. g4 d3 37. Kf2 e4 38. Ke3 exf3 39. Kxf3 d2 40. Ke2
Nc4 41. h3 Rc5 42. Rd5 Rxd5 43. Bxd5 d1=Q+ 0-1

[Event "XXXVIII Festival A"]
[Site "Imperia ITA"]
[Date "1996.09.??"]
[Round "4"]
[White "Biolek, Richard sr"]
[Black "Patelli, Alessandro"]
[WhiteElo "2395"]
[BlackElo "2240"]
[Result "1-0"]
[PlyCount "59"]
[EventDate "1996.09.01"]

1. e4 c5 2. Nf3 d6 3. d4 cxd4 4. Nxd4 Nf6 5. Nc3 Nc6 6. Bc4 e6 7. Be3 Be7 8.
Qe2 O-O 9. O-O-O Qc7 10. Bb3 a6 11. g4 Nd7 12. g5 Nc5 13. h4 Bd7 14. h5 b5 15.
f3 Rfc8 16. g6 fxg6 17. Nxc6 Nxb3+ 18. axb3 Bxc6 19. hxg6 h6 20. Qh2 Bf8 21.
Rdg1 d5 22. Bf4 Qa7 23. exd5 Bxd5 24. Nxd5 exd5 25. Qh5 Rd8 26. Kb1 Rd7 27.
Bxh6 gxh6 28. g7 Bxg7 29. Qxh6 Kf8 30. Qe6 1-0

[Event "XXXVIII Festival A"]
[Site "Imperia ITA"]
[Date "1996.09.??"]
[Round "4"]
[White "Blasco, Domenico"]
[Black "Minnebo, Alain"]
[WhiteElo "2220"]
[BlackElo "2214"]
[Result "0-1"]
[PlyCount "102"]
[EventDate "1996.09.01"]

1. d4 Nf6 2. e3 d5 3. Bd3 g6 4. Nd2 Bg7 5. f4 Bf5 6. Ngf3 O-O 7. O-O Nbd7 8.
Ne5 e6 9. b3 c5 10. Bb2 Rc8 11. Qe2 Re8 12. c4 Bxd3 13. Qxd3 Re7 14. Kh1 Ne8
15. cxd5 Nxe5 16. fxe5 Qxd5 17. Nf3 c4 18. bxc4 Qxc4 19. Qxc4 Rxc4 20. Rfc1
Rec7 21. Rxc4 Rxc4 22. Rc1 Rxc1+ 23. Bxc1 Bh6 24. g4 Nc7 25. g5 Bf8 26. e4 Bb4
27. Kg2 Kf8 28. Kf2 Ke7 29. Ke3 Kd7 30. Kd3 b5 31. h4 Kc6 32. Bd2 Na6 33. Bc3
Bf8 34. Nh2 Nb4+ 35. Bxb4 Bxb4 36. Ng4 Be1 37. Nh6 Bxh4 38. Nxf7 Kd7 39. d5 Ke7
40. Nh6 Bxg5 41. d6+ Kd7 42. Ng4 h5 43. Nf2 Bf4 44. Kd4 g5 45. Nd3 h4 46. Nc5+
Kc6 47. d7 Kc7 48. Nxe6+ Kxd7 49. Kd5 h3 50. Nd4 h2 51. e6+ Ke8 0-1

[Event "XXXVIII Festival A"]
[Site "Imperia ITA"]
[Date "1996.09.??"]
[Round "4"]
[White "Botta, Tibor"]
[Black "Bozzi, Gianni"]
[WhiteElo "2215"]
[BlackElo "2250"]
[Result "1/2-1/2"]
[PlyCount "83"]
[EventDate "1996.09.01"]

1. d4 c5 2. c3 g6 3. Nf3 Bg7 4. e3 Nh6 5. Bd3 Nc6 6. O-O O-O 7. Nbd2 d6 8. b3
e5 9. Bb2 f5 10. dxe5 dxe5 11. Bc4+ Kh8 12. e4 Qe7 13. Qe2 Bd7 14. Rad1 Rae8
15. Bd5 g5 16. exf5 Nxf5 17. Ne4 g4 18. Nfd2 Nh4 19. Qe3 b6 20. Qg5 h6 21. Qxe7
Nxe7 22. Bb7 Rb8 23. Nd6 Rxb7 24. Nxb7 Bc6 25. g3 Bxb7 26. gxh4 Ng6 27. Rfe1
Nf4 28. Re3 Nh3+ 29. Rxh3 gxh3 30. Nf1 Rf7 31. Rd3 Bg2 32. Ne3 Be4 33. Rd8+ Kh7
34. Nd5 Bg2 35. c4 Kg6 36. Ne3 Bf3 37. Rd6+ Kh5 38. Re6 e4 39. Bxg7 Rxg7+ 40.
Kf1 Rf7 41. Re5+ Kg6 42. Nd5 1/2-1/2

[Event "XXXVIII Festival A"]
[Site "Imperia ITA"]
[Date "1996.09.??"]
[Round "4"]
[White "Budka, Jan"]
[Black "Spinelli, Doriano"]
[WhiteElo "2018"]
[BlackElo "2195"]
[Result "1-0"]
[PlyCount "107"]
[EventDate "1996.09.01"]

1. e4 d5 2. exd5 Nf6 3. d4 Nxd5 4. Nf3 g6 5. c3 Bg7 6. Bd3 O-O 7. O-O c6 8. Bg5
Qc7 9. Re1 e6 10. Qd2 Nd7 11. Na3 a6 12. Nc2 b5 13. Bh6 c5 14. Bxg7 Kxg7 15.
Ne3 Nxe3 16. Qxe3 Bb7 17. Be4 Bxe4 18. Qxe4 Rae8 19. Rad1 f6 20. dxc5 Nxc5 21.
Qe3 e5 22. Rd5 Ne6 23. Red1 Rd8 24. g3 Rxd5 25. Rxd5 Rf7 26. Qd3 Nc5 27. Qe3
Nd7 28. Qd2 Nb6 29. Rd8 Nd7 30. Re8 Qc6 31. Rd8 Re7 32. Ne1 Qc7 33. Ra8 Qb7 34.
Qd6 Rf7 35. Rxa6 Qe4 36. Qd1 Nc5 37. Rd6 Na4 38. Rd2 Nb6 39. Qe2 Qc6 40. Nc2
Nc4 41. Nb4 Qb7 42. Rd5 Rd7 43. Rxd7+ Qxd7 44. a4 e4 45. axb5 Nd2 46. Nc6 Nf3+
47. Kg2 Ng5 48. Nd4 Qh3+ 49. Kg1 f5 50. b6 f4 51. b7 f3 52. Qf1 e3 53. Qxh3 e2
54. Qd7+ 1-0

[Event "XXXVIII Festival A"]
[Site "Imperia ITA"]
[Date "1996.09.??"]
[Round "4"]
[White "Cirabisi, Federico"]
[Black "De Palma, Fabrizio"]
[WhiteElo "2180"]
[BlackElo "1866"]
[Result "1-0"]
[PlyCount "95"]
[EventDate "1996.09.01"]

1. d4 Nf6 2. e3 g6 3. Nf3 Bg7 4. c4 d6 5. Nc3 O-O 6. Be2 Nbd7 7. O-O e5 8. Qc2
Re8 9. b4 e4 10. Nd2 Qe7 11. a4 Nf8 12. Ba3 Bf5 13. Rfe1 h5 14. Rac1 Rac8 15.
b5 N8h7 16. c5 Ng5 17. Bf1 Qd8 18. h3 d5 19. c6 b6 20. Bb4 Nfh7 21. Qa2 Be6 22.
Ne2 Nxh3+ 23. gxh3 Qg5+ 24. Kh2 Qh4 25. Bg2 Qxf2 26. Ng1 Ng5 27. Re2 Qh4 28.
Rf1 Bh6 29. Qa1 Bg4 30. Qe1 Qxe1 31. Rexe1 Bf5 32. h4 Ne6 33. Bh3 Bxh3 34. Nxh3
Ng7 35. Nf4 Rcd8 36. a5 Nf5 37. Kh3 Bg7 38. Nxh5 Bh6 39. Nf6+ Kg7 40. Nxe8+
Rxe8 41. Rxf5 gxf5 42. Nf1 Kf6 43. Bd2 Re6 44. axb6 axb6 45. Ra1 Bf8 46. Ng3
Kg6 47. Rf1 Rf6 48. Ne2 1-0

[Event "XXXVIII Festival A"]
[Site "Imperia ITA"]
[Date "1996.09.??"]
[Round "4"]
[White "Cugini, Verter"]
[Black "Marinescu, Marian"]
[WhiteElo "2255"]
[BlackElo "2130"]
[Result "1-0"]
[PlyCount "69"]
[EventDate "1996.09.01"]

1. e4 c5 2. g3 d5 3. exd5 Qxd5 4. Nf3 Bg4 5. Bg2 Nc6 6. h3 Bf5 7. O-O Qd7 8.
Kh2 Nf6 9. d3 Rc8 10. Nh4 Be6 11. Be3 b6 12. Nc3 g6 13. f4 Nd5 14. Bg1 Bg7 15.
Qd2 Nd4 16. Ne4 h6 17. c3 Nf5 18. Nf3 O-O 19. d4 c4 20. a4 Nd6 21. Rfe1 Nxe4
22. Rxe4 Bf5 23. Ree1 Rfe8 24. Ne5 Qd6 25. Qe2 Bxe5 26. dxe5 Qe6 27. Red1 Red8
28. a5 Bd3 29. Qf2 Rb8 30. axb6 axb6 31. Ra6 Qf5 32. Qf3 e6 33. Bd4 Ra8 34.
Rxa8 Rxa8 35. g4 1-0

[Event "XXXVIII Festival A"]
[Site "Imperia ITA"]
[Date "1996.09.??"]
[Round "4"]
[White "Everet, Alexandro"]
[Black "Etchegaray, Patrice"]
[WhiteElo "2130"]
[BlackElo "2295"]
[Result "0-1"]
[PlyCount "90"]
[EventDate "1996.09.01"]

1. d4 Nf6 2. c4 c5 3. d5 b5 4. cxb5 a6 5. bxa6 Bxa6 6. Nc3 d6 7. g3 g6 8. Bg2
Bg7 9. Nf3 Nbd7 10. O-O O-O 11. Re1 Ng4 12. e4 Nge5 13. Nxe5 Nxe5 14. Bf4 Nd3
15. Re3 Nxb2 16. Qc2 Nc4 17. Ree1 Qa5 18. Rac1 Rfb8 19. e5 Nxe5 20. Bxe5 Bxe5
21. Rxe5 dxe5 22. Qe4 Qc7 23. Qe3 Bb7 24. Ne4 Bxd5 25. Rxc5 Qd8 26. Nf6+ exf6
27. Bxd5 Ra5 28. Bb3 Rxc5 29. Qxc5 Rxb3 30. axb3 Qd1+ 31. Kg2 Qxb3 32. h4 Qb7+
33. Kh2 Qf3 34. Kg1 Kg7 35. Qc2 h5 36. Qc5 Qd1+ 37. Kh2 Qd4 38. Qc2 f5 39. Qe2
f4 40. Qc2 fxg3+ 41. fxg3 e4 42. Qc7 Qf2+ 43. Kh3 e3 44. g4 hxg4+ 45. Kxg4 Qg2+
0-1

[Event "XXXVIII Festival A"]
[Site "Imperia ITA"]
[Date "1996.09.??"]
[Round "4"]
[White "Fusari, Paolo"]
[Black "Hitzgerova, Gabriela"]
[WhiteElo "1903"]
[BlackElo "2125"]
[Result "0-1"]
[PlyCount "98"]
[EventDate "1996.09.01"]

1. e4 c5 2. c3 d5 3. exd5 Qxd5 4. d4 Nc6 5. dxc5 Qxd1+ 6. Kxd1 e5 7. Be3 Bf5 8.
Nd2 O-O-O 9. b4 Nf6 10. Kc1 Nd5 11. Ne2 Bd3 12. Nb1 Be7 13. Bd2 g6 14. Ng3 Nf4
15. Bxf4 exf4 16. Bxd3 fxg3 17. Be4 Bg5+ 18. Kc2 gxf2 19. Rf1 Be3 20. Bxc6 bxc6
21. Na3 Rd2+ 22. Kb3 Re2 23. Nc4 Bd2 24. Nxd2 Rxd2 25. Rad1 Rhd8 26. Rxd2 Rxd2
27. a4 f5 28. b5 Kc7 29. c4 g5 30. a5 f4 31. a6 g4 32. b6+ axb6 33. Ra1 bxc5
34. a7 Rd8 35. g3 f3 36. Rf1 Kb7 37. Rxf2 Kxa7 38. Kc3 Kb7 39. h3 h5 40. hxg4
hxg4 41. Rb2+ Kc7 42. Ra2 Rf8 43. Rf2 Rh8 44. Kd3 Rh3 45. Ke3 Rxg3 46. Rd2 Rg2
47. Rd1 f2 48. Rh1 g3 49. Rh7+ Kb6 0-1

[Event "XXXVIII Festival A"]
[Site "Imperia ITA"]
[Date "1996.09.??"]
[Round "4"]
[White "Jandourek, Lukas"]
[Black "Tonon, Alessandro"]
[WhiteElo "2220"]
[BlackElo "2105"]
[Result "0-1"]
[PlyCount "62"]
[EventDate "1996.09.01"]

1. e4 Nf6 2. e5 Nd5 3. d4 d6 4. Nf3 g6 5. exd6 cxd6 6. h3 Bg7 7. Be2 Nc6 8. O-O
O-O 9. c4 Nb6 10. Nc3 Bf5 11. d5 Na5 12. Nd4 Naxc4 13. Nxf5 gxf5 14. Bd3 e6 15.
dxe6 fxe6 16. Re1 Re8 17. g4 Qh4 18. Kg2 Bd4 19. Bxc4 Qxf2+ 20. Kh1 Bxc3 21.
bxc3 Nxc4 22. gxf5 Qxf5 23. Rg1+ Kh8 24. Qd4+ Ne5 25. Bf4 Qxh3+ 26. Bh2 Rg8 27.
Raf1 Rxg1+ 28. Rxg1 Rg8 29. Rxg8+ Kxg8 30. Qxd6 Qf1+ 31. Bg1 Qf3+ 0-1

[Event "XXXVIII Festival A"]
[Site "Imperia ITA"]
[Date "1996.09.??"]
[Round "4"]
[White "Karl, Hans"]
[Black "Stodola, Jaroslav"]
[WhiteElo "2255"]
[BlackElo "2130"]
[Result "1-0"]
[PlyCount "103"]
[EventDate "1996.09.01"]

1. d4 Nf6 2. c4 c5 3. d5 e6 4. Nc3 exd5 5. cxd5 d6 6. e4 g6 7. f3 Bg7 8. Bg5 h6
9. Be3 O-O 10. Qd2 Kh7 11. Nge2 a6 12. a4 Re8 13. Ng3 Nbd7 14. Be2 Qa5 15. O-O
Ne5 16. h3 Qb4 17. Rfc1 Rb8 18. f4 Ned7 19. Bf3 b5 20. axb5 axb5 21. Qf2 Bb7
22. Na2 Qa5 23. Nc3 Qb6 24. Na2 Qa5 25. Nc3 Qb6 26. Kh1 b4 27. Na4 Qd8 28. Qd2
h5 29. e5 dxe5 30. Nxc5 Nxc5 31. Rxc5 e4 32. Be2 Nxd5 33. Rd1 Qh4 34. Nxh5 Nxe3
35. Qxe3 Bf8 36. Ra5 Rbd8 37. Rf1 Bh6 38. Ng3 Rd3 39. Bxd3 exd3 40. Qf2 Qxh3+
41. Kg1 Qg4 42. Re5 Rd8 43. Ne4 Bg7 44. Rg5 Qe2 45. Qh4+ Kg8 46. Rxg6 fxg6 47.
Qxd8+ Bf8 48. Nf2 d2 49. Qb6 Be4 50. Qe6+ Kh7 51. Qxe4 Qb5 52. Qd3 1-0

[Event "XXXVIII Festival A"]
[Site "Imperia ITA"]
[Date "1996.09.??"]
[Round "4"]
[White "Krouzel, Jaroslav"]
[Black "Welker, Michael"]
[WhiteElo "2240"]
[BlackElo "2085"]
[Result "1-0"]
[PlyCount "79"]
[EventDate "1996.09.01"]

1. d4 d5 2. Nf3 Bf5 3. c4 e6 4. Nc3 Nc6 5. a3 Nf6 6. Bg5 Be7 7. e3 O-O 8. Bd3
dxc4 9. Bxf5 exf5 10. Qa4 Nd5 11. Bxe7 Nxc3 12. Qxc4 Nxe7 13. bxc3 c6 14. O-O
Nd5 15. Qd3 g6 16. c4 Nf6 17. Rab1 Qc7 18. Rfd1 Rad8 19. Qb3 Rd7 20. Qa4 Ne4
21. Rdc1 a6 22. Qb3 Re8 23. Qb6 Qd6 24. Ne5 Rde7 25. c5 Qe6 26. Qb3 Qf6 27. Qc2
Qe6 28. Rb6 f6 29. Nd3 Rd7 30. Rcb1 Ree7 31. Nf4 Qf7 32. Qb2 g5 33. Ne2 g4 34.
Nf4 Ng5 35. d5 Ne4 36. d6 Re8 37. Rxb7 Rxb7 38. Qxb7 Qxb7 39. Rxb7 Nxc5 40. Rc7
1-0

[Event "XXXVIII Festival A"]
[Site "Imperia ITA"]
[Date "1996.09.??"]
[Round "4"]
[White "Lacrosse, Marc"]
[Black "Garano, Nicola"]
[WhiteElo "2250"]
[BlackElo "2125"]
[Result "1-0"]
[PlyCount "119"]
[EventDate "1996.09.01"]

1. d4 Nf6 2. c4 c5 3. d5 b5 4. cxb5 a6 5. e3 g6 6. Nc3 Bg7 7. Nf3 O-O 8. a4
axb5 9. Bxb5 Bb7 10. O-O d6 11. e4 Na6 12. Re1 Nb4 13. Na2 Ba6 14. Nxb4 Bxb5
15. Bd2 Bd7 16. Nd3 Qc8 17. Bc3 h6 18. Nf4 g5 19. Nd3 Qa6 20. h4 Bg4 21. hxg5
hxg5 22. Qd2 Bxf3 23. gxf3 Nh7 24. Kg2 Qc4 25. Bxg7 Kxg7 26. b4 cxb4 27. Nxb4
Qc8 28. Rec1 Qd7 29. Qc3+ Nf6 30. Qc6 Qa7 31. Qc7 Nh5 32. Nd3 Rfb8 33. Qxa7
Rxa7 34. Rc3 Kf6 35. Rh1 Kg6 36. Ra1 Kf6 37. Rca3 Kg6 38. Kf1 Kf6 39. Ke2 e5
40. dxe6 fxe6 41. Rh1 Nf4+ 42. Nxf4 gxf4 43. Rd1 Ke5 44. a5 Rb2+ 45. Rd2 Rxd2+
46. Kxd2 Kd4 47. Ra4+ Kc5 48. e5 dxe5 49. Kd3 Kd5 50. a6 Kc5 51. Ke4 Kb5 52.
Ra2 Kc6 53. Kxe5 Kd7 54. Kxf4 Kd6 55. Ra5 e5+ 56. Ke4 Ke6 57. Rxe5+ Kf6 58. Ra5
Re7+ 59. Kd4 Ra7 60. Kc5 1-0

[Event "XXXVIII Festival A"]
[Site "Imperia ITA"]
[Date "1996.09.??"]
[Round "4"]
[White "Lanzani, Mario"]
[Black "Garrido, Denis"]
[WhiteElo "2355"]
[BlackElo "2215"]
[Result "1-0"]
[PlyCount "59"]
[EventDate "1996.09.01"]

1. e4 c5 2. Nf3 e6 3. c3 d5 4. exd5 Qxd5 5. d4 Nf6 6. Bd3 Nc6 7. O-O Be7 8.
dxc5 Bxc5 9. Qe2 Qh5 10. Nbd2 Bd6 11. Re1 Ng4 12. h3 Nge5 13. Nxe5 Qxe5 14.
Qxe5 Nxe5 15. Bb5+ Bd7 16. Ne4 Bc7 17. Bxd7+ Nxd7 18. Be3 Ke7 19. Rad1 Rhd8 20.
Kf1 b6 21. Ke2 h6 22. c4 Be5 23. Bc1 f5 24. f4 fxe4 25. fxe5 Nxe5 26. b3 Nd3
27. Ba3+ Kf6 28. Rf1+ Ke5 29. Ke3 g5 30. Be7 1-0

[Event "XXXVIII Festival A"]
[Site "Imperia ITA"]
[Date "1996.09.??"]
[Round "4"]
[White "Lostuzzi, Manlio"]
[Black "Vujovic, Milorad"]
[WhiteElo "2340"]
[BlackElo "2310"]
[Result "1-0"]
[PlyCount "81"]
[EventDate "1996.09.01"]

1. e4 c5 2. Nf3 d6 3. c3 Nf6 4. Be2 Nc6 5. d4 cxd4 6. cxd4 Nxe4 7. d5 Qa5+ 8.
Nc3 Nxc3 9. bxc3 Ne5 10. Nxe5 Qxc3+ 11. Bd2 Qxe5 12. O-O Bd7 13. Rb1 b6 14. Re1
Qd4 15. Rb4 Qc5 16. Qb3 Qc7 17. Ba6 f6 18. Rc4 Qd8 19. Rec1 Kf7 20. Rc7 g6 21.
Qa3 Rb8 22. Rxa7 Ra8 23. Bb7 Rb8 24. Bc6 Bf5 25. Qb4 h5 26. a4 g5 27. Re1 Kg6
28. h4 g4 29. Be3 Rh7 30. Ra6 Qc8 31. Rxb6 Rxb6 32. Qxb6 Bh6 33. Bxh6 Kxh6 34.
a5 e5 35. dxe6 Bxe6 36. a6 Bd7 37. Bb7 Qc3 38. Qe3+ Qxe3 39. Rxe3 Bf5 40. Rb3
Bc2 41. Rb2 1-0

[Event "XXXVIII Festival A"]
[Site "Imperia ITA"]
[Date "1996.09.??"]
[Round "4"]
[White "Luciani, Carlo"]
[Black "Zlochevskij, Alexander"]
[WhiteElo "2290"]
[BlackElo "2415"]
[Result "1/2-1/2"]
[PlyCount "34"]
[EventDate "1996.09.01"]

1. e4 d5 2. exd5 Nf6 3. Bb5+ Bd7 4. Bc4 Bg4 5. f3 Bc8 6. Nc3 Nbd7 7. Qe2 Nb6 8.
d4 Nfxd5 9. Nxd5 Nxd5 10. Bb3 e6 11. Bd2 Be7 12. Nh3 O-O 13. O-O-O a5 14. a3 b6
15. c4 Ba6 16. Bc2 Qd7 17. Ng5 Nf6 1/2-1/2

[Event "XXXVIII Festival A"]
[Site "Imperia ITA"]
[Date "1996.09.??"]
[Round "4"]
[White "Maes, Valeer"]
[Black "Nurkic, Sahbaz"]
[WhiteElo "2265"]
[BlackElo "2405"]
[Result "0-1"]
[PlyCount "60"]
[EventDate "1996.09.01"]

1. e4 g6 2. d4 Bg7 3. Nc3 c6 4. Be3 d5 5. Qd2 Nf6 6. exd5 cxd5 7. Bh6 Bxh6 8.
Qxh6 Nc6 9. O-O-O Qa5 10. h3 a6 11. Nf3 Bf5 12. Nh4 Be6 13. Qe3 Rc8 14. Kb1 O-O
15. g4 Nb4 16. a3 Nxc2 17. Kxc2 Ne4 18. Rd3 Rc6 19. f3 Rfc8 20. fxe4 dxe4 21.
Rd2 Qa4+ 22. Kc1 Rxc3+ 23. Qxc3 Rxc3+ 24. bxc3 Qxa3+ 25. Kd1 Qxc3 26. Bg2 Bb3+
27. Ke2 Bc4+ 28. Ke1 Qg3+ 29. Kd1 Bb3+ 30. Kc1 Qc3+ 0-1